Moderne Länder, die jemals von Belgien kontrolliert wurden - Statistiken

Allgemein
  • Dieses Quiz wurde 354 mal gespielt
  • Das Durchschnittsergebnis liegt bei 11 aus 14
Antworten auf der Karte
Die Antworten werden auf der Karte rot bzw. grün angezeigt, abhängig davon wie oft sie richtig erraten wurden.
 
Antwortstatistiken
Land % Korrekt
Deutschland
97%
Belgien
96%
Luxemburg
96%
Niederlande
96%
Demokratische Republik Kongo
95%
Frankreich
81%
Ruanda
81%
Zentralafrikanische Republik
77%
Burundi
75%
Uganda
75%
Süd-Sudan
72%
Italien
67%
Guatemala
47%
China
39%
Keine übereinstimmenden Quizze gefunden
Verteilung der Resultate
Anzahl Personen mit jedem Resultat
Perzentil nach korrekt beantworteten Fragen
Ihre Resultats-Entwicklung
Sie haben dieses Quiz noch nicht gespielt